Mathematics-XI (Volume-II) (Record no. 11605)

MARC details
000 -LEADER
fixed length control field 00261nam a22000977a 4500
008 - FIXED-LENGTH DATA ELEMENTS--GENERAL INFORMATION
fixed length control field 190820b ||||| |||| 00| 0 eng d
020 ## - INTERNATIONAL STANDARD BOOK NUMBER
International Standard Book Number 9788178557403
100 ## - MAIN ENTRY--PERSONAL NAME
Personal name M.L.Aggarwal
9 (RLIN) 7313
245 ## - TITLE STATEMENT
Title Mathematics-XI (Volume-II)
260 ## - PUBLICATION, DISTRIBUTION, ETC. (IMPRINT)
Place of publication, distribution, etc. New Delhi
Name of publisher, distributor, etc. Arya Publications
Holdings
Withdrawn status Lost status Source of classification or shelving scheme Damaged status Koha normalized classification for sorting Not for loan Home library Current library Shelving location Date acquired Total Checkouts Full call number Barcode Date last seen Price effective from Koha item type
    Dewey Decimal Classification   510_000000000000000   Good Samaritan School Library Good Samaritan School Library Mathematics 08/20/2019   510 AGG15059 08/20/2019 08/20/2019 BOOK

Powered by Koha